000 04332cam a22004937a 4500
001 16321686
003 PILC
005 20150304081927.0
007 co uga||||||||
008 100707s2011 moua b 001 0 eng
010 _a 2010028656
016 7 _a101535151
_2DNLM
020 _a9780323065801 (single v. : hard cover : alk. paper)
020 _a0323065805 (single v. : hard cover : alk. paper)
020 _a9780323065818 (twov. set : hard cover : alk. paper)
020 _a0323065813 (twov. set : hard cover : alk. paper)
020 _a9996080900 (v.1)
020 _a9789996080906 (v.1)
020 _a9996080846 (v.2)
020 _a9789996080845 (v.2)
020 _a9789812729583
035 _a(OCoLC)ocn646388497
040 _aDNLM/DLC
_cDLC
_dBTCTA
_dNLM
_dWAU
_dYDXCP
_dCDX
_dVAM
_dVET
_dDLC
050 0 0 _aRT 41
_b.M488 2014
082 0 0 _a617/.0231
245 0 0 _aMedical-surgical nursing :
_bassessment and management of clinical problems /
_cSharon L. Lewis ... [et al.].
250 _a8th ed.
_bPhilippine ed.
260 _aSt. Louis, Mo. :
_bElsevier/Mosby,
_cc2014.
300 _a2 (various pagings) :
_billustrations (chiefly colors) ;
_c27 cm.
504 _aIncludes bibliographical references and index.
505 0 _aV. 1 -- Contemporary nursing practice -- Health disparities and culturally competent care -- Health history and physical examination -- Patient and caregiver teaching -- Chronic illness and older adults -- Community-based nursing and home care -- Complementary and alternative therapies -- Stress and stress management -- Sleep and sleep disorders -- Pain -- Palliative care at end of life -- Addictive behaviors -- Inflammation and wound healing -- Genetics, altered immune responses, and transplantation -- Infection and human immunodeficiency virus infection -- Cancer -- Fluid, electrolyte, and acid-base imbalances -- Preoperative care -- Intraoperative care -- Postoperative care -- Visual and auditory systems -- Visual and auditory problems -- Integumentary system -- Burns -- Respiratory system -- Upper respiratory problems -- Lower respiratory problems -- Obstructive pulmonary diseases -- Hematologic system -- Hematologic problems -- Cardiovascular system -- Hypertension -- Coronary artery disease and acute coronary syndrome -- Heart failure -- Dysrhythmias -- Inflammatory and structural heart disorders -- Vascular disorders.
505 0 _aV. 2 -- Gastrointestinal system -- Nutritional problems -- Obesity -- Upper gastrointestinal problems -- Lower gastrointestinal problems -- Liver, pancreas, and biliary tract problems -- Urinary system -- Renal and urologic problems -- Acute kidney injury and chronic kidney disease -- Endocrine system -- Diabetes mellitus -- Endocrine problems -- Reproductive system -- Breast disorders -- Sexually transmitted diseases -- Female reproductive problems -- Male reproductive problems -- Nervous system -- Acute intracranial problems -- Stroke -- Chronic neurologic problems -- Alzheimer's disease, dementia, and delirium -- Peripheral nerve and spinal cord problems -- Musculoskeletal system -- Musculoskeletal trauma and orthopedic surgery -- Musculoskeletal problems -- Arthritis and connective tissue diseases -- Critical care -- Shock, systemic inflammatory response syndrome, and multiple organ dysfunction syndrome -- Respiratory failure and acute respiratory distress syndrome -- Emergency, terrorism, and disaster nursing -- Appendixes A: Cardiopulmonary resuscitation and basic life support for health care providers -- Appendixes B: Nursing diagnoses -- Appendixes C: Laboratory references intervals.
521 _aNursing
538 _aSystem requirements: Windows XP SP2, Vista or 32-bit Windows 7 operating system. Intel Pentium 4 processor /1 GHz or greater; 65 MB available hard drive space; 512 MB RAM. MAC OS 10.4 x 10.6x operating system; Intel-based processor or Power PC G4/G5 (867 MHz or higher); 65 MB available hard drive space.
650 0 _aNursing.
650 0 _aSurgical nursing.
650 1 2 _aNursing Care.
650 2 2 _aNursing Assessment.
650 2 2 _aPerioperative Nursing.
700 1 _aLewis, Sharon Mantik.
906 _a7
_bcbc
_corignew
_d1
_eecip
_f20
_gy-gencatlg
942 _2lcc
_cBK
999 _c283705
_d283705